| 000 | 00518nam a22001457a 4500 | ||
|---|---|---|---|
| 008 | 160405b xxu||||| |||| 00| 0 eng d | ||
| 082 |
_22004 _aUT 0005 _bD17 |
||
| 100 |
_94828 _aDalumpines, Nova. |
||
| 245 |
_aA survey on the employment status among the UMDC Education graduates/ _cNova Dalumpines and Mark Anthony Regidor. |
||
| 260 |
_aDigos City: _bUMDC _cOctober 2004. |
||
| 300 |
_a 41 pages; _c27 cm. |
||
| 650 | 0 |
_94835 _aEducation _xUndergraduate thesis. |
|
| 700 |
_94838 _aRegidor, Mark Anthony. |
||
| 942 |
_2ddc _cUT |
||
| 999 |
_c1557 _d1557 |
||